INFORME FINAL DE EJERCICIO PROFESIONAL SUPERVISADO, DISEÑO DE PAVIMENTO RÍGIDO DE 4.57 KM QUE CONDUCE DE LA ALDEA LA CRUZ A LA ALDEA CUMBRE DEL ROSARIO, CHICAMÁN, QUICHÉ, DISEÑO DE RED DE ALCANTARILLADO SANITARIO DE 2.08 KM EN EL CASERÍO EL PAPELILLO CHICAMÁN, QUICHÉ./ (Registro nro. 2029)

Detalles MARC
000 -LEADER
campo de control de longitud fija 03161nam a22003377a 4500
001 - NÚMERO DE CONTROL
campo de control TIC 0045
003 - IDENTIFICADOR DE NÚMERO DE CONTROL
campo de control gtcocun
005 - FECHA Y HORA DE LA ÚLTIMA TRANSACCIÓN
campo de control 20250922152041.0
006 - CÓDIGOS DE INFORMACIÓN DE LONGITUD FIJA--CARACTERÍSTICAS DEL MATERIAL ADICIONAL
campo de control de longitud fija a||||gr|||| 00| 0
007 - CAMPO FIJO DE DESCRIPCIÓN FÍSICA--INFORMACIÓN GENERAL
campo de control de longitud fija ta
008 - DATOS DE LONGITUD FIJA--INFORMACIÓN GENERAL
campo de control de longitud fija 250922b2024 gt ||||| m||| 00| 0 eng d
040 ## - FUENTE DE CATALOGACIÓN
Centro catalogador/agencia de origen gtcocun
Lengua de catalogación SPA
Centro/agencia transcriptor gtcocun
Normas de descripción RDA
041 ## - CÓDIGO DE IDIOMA
Código de lengua del texto/banda sonora o título independiente SPA TIC 0045
084 ## - OTRO NÚMERO DE CLASIFICACIÓN
Número de control del registro de autoridad o número normalizado TIC 0045
100 ## - ENTRADA PRINCIPAL--NOMBRE DE PERSONA
Nombre de persona Cuc Xol, Fredy Remigio
Término indicativo de función/relación Autor
245 ## - MENCIÓN DEL TÍTULO
Título INFORME FINAL DE EJERCICIO PROFESIONAL SUPERVISADO, DISEÑO DE PAVIMENTO RÍGIDO DE 4.57 KM QUE CONDUCE DE LA ALDEA LA CRUZ A LA ALDEA CUMBRE DEL ROSARIO, CHICAMÁN, QUICHÉ, DISEÑO DE RED DE ALCANTARILLADO SANITARIO DE 2.08 KM EN EL CASERÍO EL PAPELILLO CHICAMÁN, QUICHÉ./
Mención de responsabilidad, etc. Fredy Remigio Cuc Xol.
Medio Impreso
264 ## - PRODUCCIÓN, PUBLICACIÓN, DISTRIBUCIÓN, FABRICACIÓN Y COPYRIGHT
Producción, publicación, distribución, fabricación y copyright Cobán, Alta Verapaz:
Nombre del de productor, editor, distribuidor, fabricante Universidad de San Carlos de Guatemala, Centro Universitario del Norte, Ingeniería Civil
Fecha de producción, publicación, distribución, fabricación o copyright 2024
300 ## - DESCRIPCIÓN FÍSICA
Extensión 115 p.:
Otras características físicas Ilustraciones, gráficas.
Dimensiones 28 cm;
300 ## - DESCRIPCIÓN FÍSICA
Dimensiones PDF
336 ## - TIPO DE CONTENIDO
Fuente rdacontenido
Término de tipo de contenido Texto
Código de tipo de contenido txt
337 ## - TIPO DE MEDIO
Fuente rdamedio
Nombre/término del tipo de medio Computadora
Código del tipo de medio n
338 ## - TIPO DE SOPORTE
Fuente rdasoporte
Nombre/término del tipo de soporte Código en línea
Código del tipo de soporte cr
502 ## - NOTA DE TESIS
identificador de la tesis TIC 0045
502 ## - NOTA DE TESIS
Nota de tesis Tesis de grado
Tipo de título Ingeniería Civil,
Nombre de la institución que otorga el título Universidad de San Carlos de Guatemala, Centro Universitario del Norte, Ingeniería Civil
Año de obtención del título 2024
Identificador de la tesis TIC 0045
520 14 - RESUMEN, ETC.
Sumario, etc. El Ejercicio Profesional Supervisado (EPS) se realizó en el municipio de Chicamán, del<br/>departamento de Quiché, éste se llevó a cabo en un período de seis meses y se desarrolló<br/>en cuatro fases, la primera fue la realización de la investigación para tener el diagnóstico y<br/>así identificar las necesidades para luego priorizarlas y plantear las propuestas desde la ingeniería civil, a partir de ello se consideró el diseño de un edificio municipal, el diseño de un alcantarillado sanitario y el diseño de pavimento rígido.<br/><br/>La segunda fase consistió en el plan de trabajo, se determinó dentro de las tres propuestas; dos proyectos con aplicación teórica y técnica de la ingeniería civil, los cuales fueron: el diseño de red de alcantarillado sanitario de 2.08 km en el Caserío El Papelillo y el diseño<br/>de pavimento rígido de 4.57 km que conduce de la aldea La Cruz a la aldea Cumbre del Rosario. Se omitió el diseño de edificio municipal debido al corto tiempo en que se desarrolló el EPS.<br/><br/>La tercera fase consistió en la ejecución del plan de trabajo que corresponde a la obtención de datos topográficos, muestras de suelo, diseño geométrico e hidráulico y la elaboración de planos para los proyectos. La finalización del estudio y diseño corresponden a la cuarta<br/>fase, con la presentación del resultado final del diseño de los dos proyectos ejecutados<br/>durante los 6 meses de investigación.
650 14 - PUNTO DE ACCESO ADICIONAL DE MATERIA--TÉRMINO DE MATERIA
Fuente del encabezamiento o término LEMB
Término de materia o nombre geográfico como elemento de entrada Caserío El Papelillo Chicamán, El Quiche.
Subdivisión general Ingeniería Civil
-- Diseño
-- Presupuesto
-- Especificaciones técnicas
-- Topografía
-- Estudio de suelo
700 ## - ENTRADA AGREGADA--NOMBRE PERSONAL
Nombre de persona Ing. Civil William David Xol Sí
Fechas asociadas al nombre Ing. Civil William David Xol Sí
Término indicativo de función/relación Asesor
856 ## - LOCALIZACIÓN Y ACCESO ELECTRÓNICOS
Identificador Uniforme de Recurso <a href="https://drive.google.com/file/d/1AAsmXdRNKS6HO6fwb81LBOacaC00L7Ra/view">https://drive.google.com/file/d/1AAsmXdRNKS6HO6fwb81LBOacaC00L7Ra/view</a>
Texto de enlace PDF
Nota pública Un ejemplar en línea.
942 ## - ELEMENTOS DE ENTRADA SECUNDARIOS (KOHA)
Fuente de la clasificación o esquema de estantería Clasificación Decimal Dewey
Tipo de ítem Koha TESIS
Parte de la signatura que identifica el ejemplar (Parte del ítem) TIC 0045
Prefijo de la signatura Clasificación
Suprimir en OPAC No
-- TIC_0045_000000000000000
Existencias
Estatus retirado Estado de pérdida Fuente de la clasificación o esquema de estantería Estado de daño No para préstamo Colección Biblioteca de origen Biblioteca actual Ubicación en estantería Fecha de adquisición Número de inventario Total de préstamos Signatura topográfica completa Código de barras Visto por última vez Precio de reemplazo Tipo de ítem Koha
    Clasificación Decimal Dewey     tesis BIBLIOTECA- CUNOR -JOSÉ LUIS GONZALES ROSALES BIBLIOTECA- CUNOR -JOSÉ LUIS GONZALES ROSALES Colección tesis 16/09/2025 TIC 0045   TIC 0045 TIC 0045 16/09/2025 16/09/2025 TESIS